000 01659cam a22004094i 4500
003 PE-LiUPU
005 20250731184118.0
008 150616s r 000 0 d
020 _a0673107027
035 _a(Sirsi) i9780673107022
040 _aPE-LiUPU
_bspa
_cPE-LiUPU
_erda
049 _aPRUA
082 0 4 _a808.068
_bA11
_221
100 1 _aAaron, Ira E.,
_eautor.
245 1 0 _aVoices Endeavors Triumphs.
264 1 _aNew York :
_bScott Foresman and Company,
_c1976.
300 _a176 páginas :
_bilustraciones fotos, dibujos ;
_c22 centímetros
336 _atext
_2rdacontent
337 _aunmediated
_2rdamedia
338 _avolume
_2rdacarrier
505 0 _aFriendly Persuaders?.-Champions All.-People and the Land.-Go find Hanka!.-Books Too Good to Miss.-Peoplpe and Animals.-Reflections of People.-New Worlds.-Something Marvelous.-Where Thhere's Smoke.-Franklin and His Times.-Surivival of the Planet.-Nellie Bly.
526 _aP145
526 _aP127
526 _aP97
526 _aP14
526 _aP07
650 0 4 _aLITERATURA INFANTIL.
700 1 _aGoodman, Kenneth S.,
_eautor.
700 1 _aSterl Artley, A.,
_eautor.
910 _ajck
_bjvq
_cjck
942 _2ddc
_cBOOK
949 _a808.068 A11
_wDEWEY
_c1
_i41196
_lCCODEBUL1
_mBUL
_r0
_sY
_tBOOK
_u2015-6-16
_xEDUCACION
_zUNKNOWN
_0COMPRA
_o.STAFF. Colección General
994 _aC0
_bPEPRU
596 _a1
999 _a808.068 A11
_wDEWEY
_c58870
_i41196
_d58870
_e2017-10-5
_f2021-11-9
_g5
_lCCODEBUL1
_mBUL
_n1
_r0
_sY
_tBOOK
_u2015-6-16
_xEDUCACION
_zUNKNOWN
_0COMPRA
_o.STAFF. Colección General
980 _81
_gALBERTO SANCHEZ Responsable de Automatización